PRESIDENTES DEL PERÚ (1963 - 2017) - Estadísticas

Estadísticas generales
  • Esta prueba ha sido intentada 370 veces
  • La puntuación promedio es 8 de 11
Estadísticas de respuestas
Hint Respuesta % Correcto
1990 - 2000 ALBERTO FUJIMORI
97%
1985 - 1990 ALAN GARCÍA
96%
2006 - 2011 ALAN GARCÍA
96%
2011 - 2016 OLLANTA HUMALA
88%
2001 - 2006 ALEJANDRO TOLEDO
86%
2000 - 2001 VALENTÍN PANIAGUA
69%
2016 - ... PEDRO PABLO KUCZYNSKI
67%
1963 - 1968 FERNANDO BELAUNDE
63%
1980 - 1985 FERNANDO BELAUNDE
63%
1968 - 1975 JUAN VELASCO
58%
1975 - 1980 FRANCISCO MORALES BERMÚDEZ
44%
No se encontraron pruebas coincidentes
Distribución de puntuación
Porcentaje de gente con cada puntuación
Porcentaje por número respondido
Historial de tus puntuaciones
No has intentado esta prueba.